[Event "Oberliga Ost-A 1314"]
[Site "Germany"]
[Date "2013.10.13"]
[Round "1.7"]
[White "Kreyssig, Robert"]
[Black "Schultz, Andreas"]
[Result "1/2-1/2"]
[WhiteElo "2085"]
[BlackElo "2264"]
[PlyCount "89"]
[EventDate "2013.10.13"]
[EventType "team-tourn"]
[EventRounds "11"]
[EventCountry "GER"]
[SourceTitle "EXT 2015"]
[Source "ChessBase"]
[SourceDate "2014.11.20"]
[SourceVersion "1"]
[SourceVersionDate "2014.11.20"]
[SourceQuality "1"]
[WhiteTeam "Leipzig SG"]
[BlackTeam "Leipzig SG II"]
[WhiteTeamCountry "GER"]
[BlackTeamCountry "GER"]

1. d4 Nf6 2. c4 g6 3. f3 Bg7 4. e4 d6 5. Nc3 0-0 6. Be3 c5 7. d5 e6 8. Bd3 exd5 9. cxd5 a6 10. a4 Re8 11. Nge2 Nbd7 12. 0-0 Ne5 13. Ng3 Bd7 14. h3 b5 15. axb5 c4 16. Be2 Bxb5 17. f4 Ned7 18. e5 Bh6 19. Bd4 dxe5 20. fxe5 Nxe5 21. Nxb5 axb5 22. Rxa8 Qxa8 23. Rxf6 Qxd5 24. Bf2 Qxd1+ 25. Bxd1 Nd3 26. Bf3 Nxf2 27. Kxf2 Bg7 28. Rc6 Bxb2 29. Ne4 Re5 30. Kf1 Kg7 31. Rc5 Rxc5 32. Nxc5 Ba3 33. Ne4 f5 34. Ng3 Kf6 35. Ke2 Bd6 36. Nf1 Ke5 37. Bc6 b4 38. Ne3 Kd4 39. Bb5 c3 40. Ba4 Bf4 41. Nc2+ Kc4 42. Na1 Bd6 43. Bb3+ Kd4 44. Nc2+ Ke4 45. Ne1 1/2-1/2

[Event "Oberliga Ost-A 1213"]
[Site "Germany"]
[Date "2013.04.13"]
[Round "10.5"]
[White "Sandner, Gunter"]
[Black "Schultz, Andreas"]
[Result "0-1"]
[WhiteElo "2260"]
[BlackElo "2237"]
[PlyCount "58"]
[EventDate "2012.10.14"]
[EventType "team-tourn"]
[EventRounds "11"]
[EventCountry "GER"]
[SourceTitle "EXT 2014"]
[Source "ChessBase"]
[SourceDate "2013.11.20"]
[SourceVersion "1"]
[SourceVersionDate "2013.11.20"]
[SourceQuality "1"]
[WhiteTeam "Plauen Koenig"]
[BlackTeam "Leipzig SG II"]
[WhiteTeamCountry "GER"]
[BlackTeamCountry "GER"]

1. Nf3 Nf6 2. c4 g6 3. g3 Bg7 4. Bg2 0-0 5. 0-0 d6 6. d4 Nbd7 7. Nc3 e5 8. e4 c6 9. h3 Qa5 10. Re1 exd4 11. Nxd4 Ne5 12. Bf1 Be6 13. Nxe6 fxe6 14. Be2 Rad8 15. Be3 c5 16. Kg2 Nc6 17. Bd3 Nd7 18. Rb1 a6 19. f4 Nd4 20. h4 Nf6 21. h5 gxh5 22. Rh1 Qc7 23. e5 dxe5 24. Rxh5 Nf5 25. Rxf5 exf5 26. fxe5 Ng4 27. Bf4 Bxe5 28. Qf3 Bxf4 29. gxf4 Qg7 0-1